Tanks in the great war, 1914-1918 (Record no. 552141)
[ view plain ]
| 000 -LEADER | |
|---|---|
| fixed length control field | 00699cam a2200169K 4500 |
| 082 ## - DEWEY DECIMAL CLASSIFICATION NUMBER | |
| Classification number | 940.4 |
| Author Mark | FUL |
| 100 1# - MAIN ENTRY--PERSONAL NAME | |
| Personal name | Fuller, J. F. C. |
| 9 (RLIN) | 37121 |
| 245 10 - TITLE STATEMENT | |
| Title | Tanks in the great war, 1914-1918 |
| Statement of responsibility, etc. | by Brevet-Colonel J.F.C. Fuller ... |
| 260 ## - PUBLICATION, DISTRIBUTION, ETC. | |
| Place of publication, distribution, etc. | New York, |
| Name of publisher, distributor, etc. | E.P. Dutton and Co., |
| Date of publication, distribution, etc. | 1920. |
| 300 ## - PHYSICAL DESCRIPTION | |
| Extent | 1 online resource (2 p. l., ix-xxiv, 331, [1] p.) |
| Other physical details | front., illus., VII pl., maps (1 fold.) diagrs. |
| 526 ## - STUDY PROGRAM INFORMATION NOTE | |
| Program name | 0 |
| Interest level | 0 |
| Reading level | 0 |
| Title point value | 940_400000000000000_FUL |
| 526 ## - STUDY PROGRAM INFORMATION NOTE | |
| Program name | 0 |
| Interest level | 0 |
| Reading level | 0 |
| Title point value | 940_400000000000000_FUL |
| 650 #0 - SUBJECT ADDED ENTRY--TOPICAL TERM | |
| Topical term or geographic name entry element | Tanks (Military science) |
| 9 (RLIN) | 46748 |
| 650 #0 - SUBJECT ADDED ENTRY--TOPICAL TERM | |
| Topical term or geographic name entry element | World War, 1914-1918 |
| General subdivision | Campaigns |
| Geographic subdivision | Western Front. |
| 9 (RLIN) | 49302 |
| 856 40 - ELECTRONIC LOCATION AND ACCESS | |
| Uniform Resource Identifier | <a href="http://catalog.hathitrust.org/api/volumes/oclc/11156389.html">http://catalog.hathitrust.org/api/volumes/oclc/11156389.html</a> |
| 942 ## - ADDED ENTRY ELEMENTS (KOHA) | |
| Source of classification or shelving scheme | |
| Koha item type | Book |
| Withdrawn status | Lost status | Source of classification or shelving scheme | Damaged status | Not for loan | Permanent Location | Current Location | Shelving location | Date acquired | Total Checkouts | Full call number | Barcode | Date last seen | Price effective from | Koha item type |
|---|---|---|---|---|---|---|---|---|---|---|---|---|---|---|
| Military College of Engineering (MCE) | Military College of Engineering (MCE) | 01/08/2015 | 940.4 FUL | MCE-ECT-18 | 01/08/2015 | 01/08/2015 | Book | |||||||
| Military College of Engineering (MCE) | Military College of Engineering (MCE) | 01/14/2015 | 940.4 FUL | MCE-ect/18 | 01/14/2015 | 01/14/2015 | Book |
